000 00748nam a2200205Ii 4500
003 JO-AjNU
008 230605s9999||||xx |||||||||||||| ||und||
017 _a1987/7/337
040 _aJO-AjNU
_bara
_erda
_cJO-AjNU
041 _aara
050 1 4 _aLG395 2012
100 3 _aلبخيت، محمد عدنان إعداد؛ الزغول،حامد محرر,
_eauthor
_943773
245 0 0 _aسيرة ومسيرة القسم الثاني 1962-1987
264 3 1 _aعمان:الجامعة الأردنية،1987
300 _a724ص
336 _atext
_btxt
_2rdacontent
337 _aunmediated
_bn
_2rdamedia
338 _avolume
_bnc
_2rdacarrier
650 4 _aالجامعة الأردنية-سيرة ومسيرة القسم الثاني 1962-1987
_943774
999 _aA18842
_c22410
_d22410